Normal view MARC view
  • Masonry Standards Joint Committee

Entry Corporate Name

Number of records used in: 1

001 - CONTROL NUMBER

  • control field: 46777

003 - CONTROL NUMBER IDENTIFIER

  • control field: NUST

005 - DATE AND TIME OF LATEST TRANSACTION

  • control field: 20210314133617.0

008 - FIXED-LENGTH DATA ELEMENTS

  • fixed length control field: 210314|| aca||aabn | a|a d

040 ## - CATALOGING SOURCE

  • Original cataloging agency: NUST
  • Transcribing agency: NUST

110 ## - HEADING--CORPORATE NAME

  • Corporate name or jurisdiction name as entry element: Masonry Standards Joint Committee

670 ## - SOURCE DATA FOUND

  • Source citation: Work cat.: (NUST): Building code requirements for masonry structures (ACI 530-95/ASCE 5-95/TMS 402-95) ;, c1996.
© 2023 Central Library, National University of Sciences and Technology. All Rights Reserved.